000 01272nam a2200313 a 4500
005 20200104041555.0
008 140124s2005 ck ab|||r|||| 00| 0 spa d
020 _a9588151503
040 _aCO-BoIAVH
_cCO-BoIAVH
041 0 _aspa
044 _ack
082 0 4 _a597.09861
_bM24p
100 1 _aMaldonado Ocampo, Javier A.
_eautor
245 1 0 _aPeces de los Andes de Colombia :
_bguía de campo /
260 _aBogotá :
_bInstituto de Investigación de Recursos Biológicos Alexander von Humboldt,
_c2005.
300 _a346 páginas :
_bilustraciones a color y mapas ;
_c28 x 22 cm.
650 2 6 _aPeces
_xTaxonomía
_zRegión Andina (Colombia)
_vGuías
650 2 6 _aPeces
_xIdentificación
_zRegión Andina (Colombia)
_vGuías
650 2 6 _aPeces
_xDistribución de la población
_zRegión Andina (Colombia)
_vGuías
700 1 _aOrtega Lara, Armando
_eautor
700 1 _aUsma Oviedo, José Saulo
_eautor
700 1 _aGalvis Vergara, Germán
_eautor
700 1 _aVilla Navarro, Francisco Antonio
_eautor
700 1 _aVásquez Gamboa, Lucena
_eautor
700 1 _aPrada Pedreros, Saúl
_eautor
700 1 _aArdila-Rodríguez, Carlos A.
_eautor
942 _cLIBRO
_2ddc
945 _d2005-12-19
999 _c4976
_d4976